| 000 | 00535nam a2200181 a 4500 | ||
|---|---|---|---|
| 001 | BRCA_943 | ||
| 005 | 20190320203221.0 | ||
| 008 | 991104s1997 mx-a---###---#000-0#spa-# | ||
| 020 | _a9687457295 | ||
| 040 |
_aDLC _cDLC _dDLC |
||
| 050 | 4 |
_aSB484.M4 _b.M49 1997 |
|
| 245 | 1 | 0 |
_aMéxico _bsus parques y plazas. |
| 260 |
_a[México] _bBanco Nacional de Obras y Servicios Públicos _c1997 |
||
| 300 |
_a173 p. _bil. (algunas a color) _c31 cm. |
||
| 650 | 1 | 4 |
_aParques urbanos _zMéxico _93119 |
| 650 | 1 | 4 |
_aPlazas _zMéxico _93120 |
| 942 |
_2lcc _cB |
||
| 999 |
_c832 _d832 |
||